000 00650nam a2200193Ia 4500
008 151121s9999||||xx |||||||||||||| ||und||
082 _a812।08/गोळे
082 _bHNW-53479
100 _aगोळे वसंत हरी
245 _aनाटककराची कला
260 _b"कॉन्टिनेंन्टल प्रकाशन,पुणे।"
260 _c--
300 _a147
600 _aगोळे वसंत हरी
630 _aनाटककराची कला
700 _aगोळे वसंत हरी
730 _aनाटककराची कला
942 _cBOOK
999 _c1237095
_d1237092